Prophet way of Treatment (Record no. 185183)
[ view plain ]
| 000 -LEADER | |
|---|---|
| fixed length control field | 01054 a2200169 4500 |
| 003 - CONTROL NUMBER IDENTIFIER | |
| control field | Nust |
| 005 - DATE AND TIME OF LATEST TRANSACTION | |
| control field | 20230221091830.0 |
| 040 ## - CATALOGING SOURCE | |
| Transcribing agency | Nust |
| 082 ## - DEWEY DECIMAL CLASSIFICATION NUMBER | |
| Classification number | 297.63, BAD |
| 100 ## - MAIN ENTRY--PERSONAL NAME | |
| Personal name | Azimabadi,badr |
| 9 (RLIN) | 109278 |
| 245 ## - TITLE STATEMENT | |
| Title | Prophet way of Treatment |
| Statement of responsibility, etc. | Badr Azimabadi |
| 260 ## - PUBLICATION, DISTRIBUTION, ETC. | |
| Place of publication, distribution, etc. | Karachi |
| Name of publisher, distributor, etc. | Darul Ishaat |
| 300 ## - PHYSICAL DESCRIPTION | |
| Extent | 407:p |
| 505 ## - FORMATTED CONTENTS NOTE | |
| Formatted contents note | Food (Page-27), Drink (Page-41), Exercise (Page-59), Sleeping (Page-61), Sexual Intercourse (Page-63), Suitable Time and Principles (Page-73), Free Sex (Page-89), Sexual Perversion (Page-103), Abuse of Masturbation (Page-107), Institution of Marriage in Islam (Page-109), Contraception (Page-125), Abortion (Page-131), Blood Letting and Cupping (Page-133), Habit Second Nature (Page-143) Principles of Treatment (Page-145), Diseases and Treatment (Page-149), Doing Without Food (Page-153), Dosage and Remedies (Page-373), The Constitution of Man (Page-377), The State of the Body (Page-383), The Cause of Disease (Page-387), Physical Exercise (Page-403). |
| 650 ## - SUBJECT ADDED ENTRY--TOPICAL TERM | |
| Topical term or geographic name entry element | Prophet way of Treatment |
| 9 (RLIN) | 109279 |
| 942 ## - ADDED ENTRY ELEMENTS (KOHA) | |
| Source of classification or shelving scheme | |
| Koha item type | Book |
| Withdrawn status | Lost status | Source of classification or shelving scheme | Damaged status | Not for loan | Collection code | Permanent Location | Current Location | Date acquired | Total Checkouts | Full call number | Barcode | Date last seen | Price effective from | Koha item type |
|---|---|---|---|---|---|---|---|---|---|---|---|---|---|---|
| Military College of Signals (MCS) | Military College of Signals (MCS) | 12/12/2016 | 297.63 BAD | MCS31302 | 12/08/2016 | 12/12/2016 | Book |
